Forecasting principles and applications /

Saved in:
Bibliographic Details
Main Author: DeLurgio, Stephen A.
Format: Book
Language:English
Published: Boston : McGraw-Hill, 1988.
Subjects:
Tags: Add Tag
No Tags, Be the first to tag this record!
Institutions: Mạng thư viện Đại học Đà Nẵng
LEADER 00869cam a2200325 i 4500
001 000045905
003 5107
005 20030213162508.0
008 010220|1988 vm 000 eng
040 |a IRC  |c IRC  |d IRC 
041 0 |a eng 
082 1 4 |a 003.2015195  |b DE-S 
100 1 |a DeLurgio, Stephen A. 
245 0 0 |a Forecasting principles and applications /  |c Stephen A. DeLurgio. 
260 |a Boston :  |b McGraw-Hill,  |c 1988. 
300 |a xxvii, 802p. :  |b ill. 
630 0 4 |a Forecasting principles. 
630 0 4 |a Applications. 
650 0 4 |a Forecasting  |x Statistical methods. 
650 0 4 |a Forecasting  |x Mathematical methods. 
OWN |a DUT 
999 |a From the UDN01 
TYP |a Monograph 
TYP |a Printed language 
980 |a Mạng thư viện Đại học Đà Nẵng